[Event "Belgrade Trophy 32nd"]
[Site "Belgrade"]
[Date "2018.11.28"]
[Round "5"]
[White "Jevtic, Miroljub L"]
[Black "Cavic, Goran"]
[Result "1-0"]
[WhiteElo "1999"]
[BlackElo "1750"]
[PlyCount "99"]
[EventDate "2018.11.24"]
[EventType "swiss"]
[EventRounds "9"]
[EventCountry "SRB"]
[SourceTitle "CBM 187 Extra"]
[Source "ChessBase"]
[SourceDate "2018.11.04"]
[SourceVersion "1"]
[SourceVersionDate "2018.11.04"]
[SourceQuality "1"]

1. d4 d5 2. Nf3 Nf6 3. Bf4 e6 4. e3 Bd6 5. Bg3 0-0 6. Nbd2 Nbd7 7. Bd3 b6 8. Ne5 Bb7 9. f3 Nh5 10. f4 Nhf6 11. Bh4 Be7 12. Qf3 c5 13. c3 Ne8 14. Bxe7 Qxe7 15. Qh3 Ndf6 16. g4 Ne4 17. g5 N8d6 18. Ng4 Nf5 19. Rg1 Kh8 20. Nf2 Nfd6 21. Rg4 f5 22. gxf6 gxf6 23. Bxe4 dxe4 24. dxc5 bxc5 25. 0-0-0 Rg8 26. Rdg1 Qf7 27. Nb3 Rxg4 28. Qxg4 Rc8 29. Qh3 Nf5 30. Rd1 Bd5 31. Rxd5 exd5 32. Qxf5 Rc7 33. Ng4 Kg7 34. h3 h5 35. Nf2 Qg6 36. Qxd5 Qg1+ 37. Nd1 Qg6 38. Nxc5 Re7 39. Ne6+ Kh6 40. Nd4 Kh7 41. c4 Qf7 42. Qxf7+ Rxf7 43. c5 Kg8 44. Nc3 Rc7 45. b4 a5 46. a3 axb4 47. axb4 Rg7 48. Nxe4 Kf7 49. Nd6+ Kg8 50. c6 1-0

[Event "SRB-ch sf Belgrade-ch"]
[Site "Belgrade"]
[Date "2017.01.31"]
[Round "9"]
[White "Stojanovic, Srdjan"]
[Black "Cavic, Goran"]
[Result "0-1"]
[WhiteElo "1708"]
[BlackElo "1686"]
[PlyCount "96"]
[EventDate "2017.01.23"]
[EventType "swiss"]
[EventRounds "9"]
[EventCountry "SRB"]
[SourceTitle "EXT 2018"]
[Source "ChessBase"]
[SourceDate "2017.10.13"]
[SourceVersion "1"]
[SourceVersionDate "2017.10.13"]
[SourceQuality "1"]

1. d4 d5 2. c4 c6 3. Nf3 Nf6 4. g3 e6 5. Bg2 dxc4 6. Ne5 Be7 7. Nc3 0-0 8. 0-0 Nbd7 9. Nxc4 Nb6 10. Ne5 Qc7 11. Qc2 a6 12. Rd1 Bd6 13. Nd3 Re8 14. e4 e5 15. dxe5 Bxe5 16. Nxe5 Qxe5 17. Bf4 Qh5 18. b3 Bg4 19. f3 Bxf3 20. Bxf3 Qxf3 21. Rd3 Qg4 22. Rad1 Nc8 23. Na4 g5 24. e5 Nd5 25. Bd2 Rxe5 26. Nc3 Nce7 27. Nxd5 Nxd5 28. Qb2 Rae8 29. Rf1 Re2 30. Rdf3 Qh3 31. R3f2 h6 32. Qc2 f6 33. Qd1 Qe6 34. Qb1 Kg7 35. Qd3 Qe4 36. Qc4 Rxf2 37. Rxf2 Qxc4 38. bxc4 Nb6 39. Bc3 Re6 40. Rb2 c5 41. Ba5 Nxc4 42. Rxb7+ Kg6 43. Bc3 Re3 44. Rb3 a5 45. a4 Nd2 46. Kf2 Rxc3 47. Rb5 Nb3 48. g4 c4 0-1

[Event "Belgrade-ch sf"]
[Site "Belgrade"]
[Date "2017.01.24"]
[Round "2"]
[White "Vasiljevic, Sinisa"]
[Black "Cavic, Goran"]
[Result "1-0"]
[WhiteElo "1877"]
[BlackElo "1686"]
[PlyCount "81"]
[EventDate "2017.01.23"]
[EventType "swiss"]
[EventRounds "7"]
[EventCountry "SRB"]
[SourceTitle "CBM 176 Extra"]
[Source "ChessBase"]
[SourceDate "2017.03.02"]
[SourceVersion "1"]
[SourceVersionDate "2017.03.02"]
[SourceQuality "1"]

1. e4 e5 2. Nf3 Nc6 3. d4 exd4 4. Bc4 Bc5 5. 0-0 d6 6. Re1 Ne5 7. Be2 Nxf3+ 8. Bxf3 h6 9. e5 d5 10. Nd2 Be6 11. Nb3 Bb6 12. Nxd4 Qh4 13. Be3 0-0-0 14. g3 Qe7 15. Nxe6 fxe6 16. Bxb6 axb6 17. c3 Qc5 18. Bg4 Qc6 19. Qb3 Ne7 20. a4 h5 21. Be2 Rdf8 22. Qc2 h4 23. Bb5 Qc5 24. b4 hxg3 25. bxc5 gxf2+ 26. Qxf2 Rxf2 27. Kxf2 Rxh2+ 28. Kg3 Rc2 29. cxb6 Rxc3+ 30. Kf2 cxb6 31. Rac1 d4 32. Rxc3+ dxc3 33. Ke2 Kc7 34. Kd3 Nd5 35. Rg1 g6 36. Kc2 Nb4+ 37. Kxc3 Nc6 38. Rg5 Kd8 39. Rxg6 Nxe5 40. Rxe6 Ng4 41. Rxb6 1-0

[Event "Belgrade-ch sf"]
[Site "Belgrade"]
[Date "2017.01.23"]
[Round "1"]
[White "Cavic, Goran"]
[Black "Jovanovic, Sasa T"]
[Result "0-1"]
[WhiteElo "1686"]
[BlackElo "2187"]
[PlyCount "138"]
[EventDate "2017.01.23"]
[EventType "swiss"]
[EventRounds "7"]
[EventCountry "SRB"]
[SourceTitle "CBM 176 Extra"]
[Source "ChessBase"]
[SourceDate "2017.03.02"]
[SourceVersion "1"]
[SourceVersionDate "2017.03.02"]
[SourceQuality "1"]

1. e4 c5 2. Nf3 d6 3. Bc4 Nc6 4. 0-0 Nf6 5. Re1 e6 6. c3 Be7 7. d4 cxd4 8. cxd4 d5 9. exd5 exd5 10. Bd3 0-0 11. a3 Bg4 12. Be3 Rc8 13. Nc3 Na5 14. h3 Bh5 15. g4 Bg6 16. Ne5 Bxd3 17. Qxd3 Nc4 18. Bc1 h6 19. b3 Nd6 20. Bb2 a6 21. Ne2 Re8 22. Nf4 Qa5 23. Rac1 Nde4 24. b4 Rxc1 25. Rxc1 Qd8 26. Kg2 Bf8 27. f3 Nd6 28. Qb3 b5 29. Nxd5 Nc4 30. Nf4 Rxe5 31. dxe5 Qd2+ 32. Kg3 Nxb2 33. Rc2 Qe1+ 34. Kg2 Qxe5 35. Ng6 Qd5 36. Qxd5 Nxd5 37. Rxb2 fxg6 38. Kf2 Nb6 39. Ke2 Nc4 40. Rb3 Kf7 41. Kd3 Ke6 42. Kd4 Be7 43. Rd3 g5 44. a4 Bxb4 45. axb5 axb5 46. Rb3 Ne5 47. Re3 Kd6 48. Rb3 Bc5+ 49. Ke4 b4 50. Rb1 Ke6 51. Rc1 Bd6 52. Ra1 b3 53. Rb1 Nd7 54. Kd3 Be5 55. Kc4 b2 56. Re1 Kd6 57. Rd1+ Kc6 58. Kb3 Nc5+ 59. Kc2 Ne6 60. Rd3 Nf4 61. Re3 Kd5 62. Ra3 Bf6 63. Ra5+ Kc4 64. h4 Nd5 65. hxg5 hxg5 66. Ra8 Ne3+ 67. Kb1 Kd3 68. Ra3+ Ke2 69. f4 gxf4 0-1